Aprendo matemática : (Record no. 12412)
[ view plain ]
| 000 -CABECERA | |
|---|---|
| campo de control de longitud fija | 01045nam a2200241 a 4500 |
| 001 - NÚMERO DE CONTROL | |
| campo de control | 000012761 |
| 005 - FECHA Y HORA DE LA ÚLTIMA TRANSACCIÓN | |
| campo de control | 20200929163053.0 |
| 008 - DATOS DE LONGITUD FIJA--INFORMACIÓN GENERAL | |
| campo de control de longitud fija | 091117s200u dr ac 000 0 spa d |
| 020 ## - NÚMERO INTERNACIONAL ESTÁNDAR DEL LIBRO | |
| Número Internacional Estándar del Libro | 9993496464 (v. 5) |
| 020 ## - NÚMERO INTERNACIONAL ESTÁNDAR DEL LIBRO | |
| Número Internacional Estándar del Libro | 9993496472 (v. 6) |
| 040 ## - FUENTE DE LA CATALOGACIÓN | |
| Centro catalogador/agencia de origen | DO-SdBNP |
| Lengua de catalogación | spa |
| Centro/agencia transcriptor | BNPHU |
| 100 1# - ENTRADA PRINCIPAL--NOMBRE DE PERSONA | |
| Nombre de persona | Mena Mañón, Juan F. |
| 9 (RLIN) | 29554 |
| 245 10 - MENCIÓN DE TÍTULO | |
| Título | Aprendo matemática : |
| Resto del título | educación básica / |
| Mención de responsabilidad, etc. | Juan F. Mena Mañón, Juan Ramírez Rosario. |
| 260 ## - PUBLICACIÓN, DISTRIBUCIÓN, ETC. | |
| Lugar de publicación, distribución, etc. | Santo Domingo : |
| Nombre del editor, distribuidor, etc. | Actualidad Escolar 2000, |
| Fecha de publicación, distribución, etc. | [20--]. |
| 300 ## - DESCRIPCIÓN FÍSICA | |
| Extensión | v. : |
| Otras características físicas | il., retrs. ; |
| Dimensiones | 28 cm. |
| 490 1# - MENCIÓN DE SERIE | |
| Mención de serie | Matemática actual |
| 500 ## - NOTA GENERAL | |
| Nota general | Educación básica |
| 500 ## - NOTA GENERAL | |
| Nota general | La biblioteca solamente posee los volumenes 5 y 6. |
| 505 0# - NOTA DE CONTENIDO CON FORMATO | |
| Nota de contenido con formato | v. 5 |
| Información miscelánea | unidad 1 -- |
| Título | Números y operaciones -- |
| Información miscelánea | unidad 2 -- |
| Título | Geometría -- |
| Información miscelánea | unidad 3 -- |
| Título | Mediciones -- |
| Información miscelánea | unidad 4 -- |
| Título | Estadística -- |
| 505 0# - NOTA DE CONTENIDO CON FORMATO | |
| Nota de contenido con formato | v. 6 |
| Información miscelánea | unidad 1 -- |
| Título | Números y operaciones -- |
| Información miscelánea | unidad 2 -- |
| Título | Geometría -- |
| Información miscelánea | unidad 3 -- |
| Título | Mediciones -- |
| Información miscelánea | unidad 4 -- |
| Título | Estadística -- |
| 700 1# - PUNTO DE ACCESO ADICIONAL--NOMBRE DE PERSONA | |
| Nombre de persona | Ramírez Rosario, Juan |
| 9 (RLIN) | 29555 |
| 830 #0 - PUNTO DE ACCESO ADICIONAL DE SERIE-TÍTULO UNIFORME | |
| Título uniforme | Matemática actual |
| 9 (RLIN) | 29556 |
| Estado de retiro | Estado de pérdida | No para préstamo | Código de colección | Localización permanente | Ubicación/localización actual | Ubicación en estantería | Fecha de adquisición | Número de inventario | Total de préstamos | Signatura topográfica completa | Código de barras | Fecha visto por última vez | Precio válido a partir de | Tipo de ítem Koha |
|---|---|---|---|---|---|---|---|---|---|---|---|---|---|---|
| Excluido de préstamo | Patrimonio Dominicano | Patrimonio Dominicano | Patrimonio Dominicano | En catalogación | 17.11.2009 | LF1 | 12761-10 | 25.06.2020 | 25.06.2020 | Libro y Folleto Colección Patrimonio Dominicano | ||||
| Patrimonio Dominicano | Patrimonio Dominicano | Patrimonio Dominicano | Orden iniciada | 09.07.2015 | LF1 | 12761-20 | 25.06.2020 | 25.06.2020 | Libro y Folleto Colección Patrimonio Dominicano |
